000
00473nam a2200169Ia 4500
008
090711s9999 xx 000 0 und d
082
_b
43600
100
_a
ओशो रजनीश
245
_a
प्रेम पुुष्प
260
_c
1971
300
_a
187
600
_a
ओशो रजनीश
630
_a
प्रेम पुुष्प
700
_a
ओशो रजनीश
730
_a
प्रेम पुुष्प
942
_c
BOOK
999
_c
285737
_d
285737